Normal view
MARC view
- DATA MINING - CONCEPTS AND TECHNIQUES
Entry Topical Term
001 - CONTROL NUMBER
- control field: 84013
003 - CONTROL NUMBER IDENTIFIER
- control field: NUST
005 - DATE AND TIME OF LATEST TRANSACTION
- control field: 20211112140952.0
008 - FIXED-LENGTH DATA ELEMENTS
- fixed length control field: 211112|| aca||aabn | a|a d
040 ## - CATALOGING SOURCE
- Original cataloging agency: NUST
- Transcribing agency: NUST
150 ## - HEADING--TOPICAL TERM
- Topical term or geographic name entry element: DATA MINING - CONCEPTS AND TECHNIQUES
670 ## - SOURCE DATA FOUND
- Source citation: Work cat.: (NUST)572879: Han, Jiawel, 84012, Data mining: concepts and techniques, 2006.
